[Event "NRW Class1 1819"]
[Site "Germany"]
[Date "2018.12.09"]
[Round "4"]
[White "Waechtler, Frank"]
[Black "Fehmer, Carsten"]
[Result "1/2-1/2"]
[WhiteElo "2200"]
[BlackElo "2062"]
[PlyCount "31"]
[EventDate "2018.09.16"]
[EventType "team-tourn"]
[EventRounds "9"]
[EventCountry "GER"]
[SourceTitle "EXT 2022"]
[Source "ChessBase"]
[SourceDate "2021.10.06"]
[SourceVersion "1"]
[SourceVersionDate "2021.10.06"]
[SourceQuality "1"]
[WhiteTeam "Weidenau/Geisweid"]
[BlackTeam "Krefelder Turm"]
[WhiteTeamCountry "GER"]
[BlackTeamCountry "GER"]

1. e4 e6 2. d4 d5 3. Nd2 Nc6 4. Ngf3 Nf6 5. e5 Nd7 6. c4 dxc4 7. Nxc4 Nb6 8. Nxb6 axb6 9. Bc4 Nb4 10. Bg5 Be7 11. Bxe7 Qxe7 12. a3 Nd5 13. Qb3 Nf4 14. 0-0 0-0 15. g3 Ng6 16. Rfe1 1/2-1/2

[Event "Bayern-chI Bank Hofmann 21st"]
[Site "Tegernsee"]
[Date "2017.10.28"]
[Round "1"]
[White "Fehmer, Carsten"]
[Black "Li, Di"]
[Result "0-1"]
[WhiteElo "2097"]
[BlackElo "2459"]
[PlyCount "78"]
[EventDate "2017.10.28"]
[EventType "swiss"]
[EventRounds "9"]
[EventCountry "GER"]
[SourceTitle "CBM 181 Extra"]
[Source "ChessBase"]
[SourceDate "2017.12.12"]
[SourceVersion "1"]
[SourceVersionDate "2017.12.12"]
[SourceQuality "1"]

1. Nf3 c5 2. g3 g6 3. Bg2 Bg7 4. c4 Nc6 5. Nc3 d6 6. 0-0 e5 7. a3 a5 8. Ne1 Be6 9. d3 Nge7 10. Nc2 d5 11. cxd5 Nxd5 12. Ne3 Nde7 13. Nc4 0-0 14. Be3 b6 15. Rb1 Rb8 16. f4 Qd7 17. Nxe5 Nxe5 18. fxe5 Nf5 19. Bf2 Bxe5 20. Ne4 a4 21. g4 Nd6 22. Nxd6 Qxd6 23. Qxa4 Bxh2+ 24. Kh1 Be5 25. Bf3 Ba2 26. Rbd1 Qe6 27. Qc6 Qe7 28. Qe4 Qg5 29. Kg2 Rfe8 30. Be3 Qd8 31. Bc1 Bb3 32. Rde1 Qh4 33. Bf4 Bd5 34. Rh1 Qxh1+ 35. Kxh1 Bxe4 36. Bxe5 Bxf3+ 37. exf3 f6 38. Bc3 Rxe1+ 39. Bxe1 Rd8 0-1

[Event "Bayern-chI Bank Hofmann 20th"]
[Site "Bad Wiessee"]
[Date "2016.11.03"]
[Round "6"]
[White "Nasshan, Dennis"]
[Black "Fehmer, Carsten"]
[Result "1-0"]
[WhiteElo "2307"]
[BlackElo "2103"]
[PlyCount "95"]
[EventDate "2016.10.29"]
[EventType "swiss"]
[EventRounds "9"]
[EventCountry "GER"]
[SourceTitle "CBM 175 Extra"]
[Source "ChessBase"]
[SourceDate "2016.12.12"]
[SourceVersion "1"]
[SourceVersionDate "2016.12.12"]
[SourceQuality "1"]

1. e4 e6 2. d4 d5 3. Nc3 Nc6 4. Nf3 Nf6 5. e5 Ne4 6. Ne2 f6 7. Ng3 fxe5 8. Bb5 Bd7 9. Bxc6 Bxc6 10. Nxe5 Qh4 11. Qd3 Bd6 12. Nxc6 bxc6 13. Nxe4 dxe4 14. Qe2 0-0 15. Be3 Rab8 16. 0-0-0 Qf6 17. Qc4 c5 18. c3 cxd4 19. Rxd4 Bf4 20. Rxe4 Bxe3+ 21. Rxe3 Qxf2 22. Qxe6+ Kh8 23. Re2 Qf4+ 24. Kb1 Rb6 25. Qe7 h6 26. Rhe1 Rfb8 27. g3 Qf5+ 28. Ka1 a5 29. Qa3 Kh7 30. Qa4 Kh8 31. Re8+ Kh7 32. Rxb8 Rxb8 33. Qe4 Kg6 34. a4 Rd8 35. Qxf5+ Kxf5 36. Re7 g5 37. Rh7 Rd6 38. Rxc7 Kg4 39. h4 Kxg3 40. hxg5 hxg5 41. Rg7 g4 42. Ka2 Kf3 43. b4 axb4 44. cxb4 Rd3 45. a5 g3 46. a6 g2 47. a7 Rd1 48. b5 1-0

[Event "Paderborn op 11th"]
[Site "Paderborn"]
[Date "2014.12.27"]
[Round "2"]
[White "Fehmer, Carsten"]
[Black "Meijers, Viesturs"]
[Result "0-1"]
[WhiteElo "2135"]
[BlackElo "2483"]
[PlyCount "56"]
[EventDate "2014.12.27"]
[EventType "swiss"]
[EventRounds "7"]
[EventCountry "GER"]
[SourceTitle "CBM 164 Extra"]
[Source "ChessBase"]
[SourceDate "2015.03.02"]
[SourceVersion "1"]
[SourceVersionDate "2015.03.02"]
[SourceQuality "1"]

1. Nf3 Nf6 2. g3 d5 3. Bg2 e6 4. 0-0 Nbd7 5. c4 dxc4 6. Qa4 a6 7. Qxc4 b5 8. Qc2 Bb7 9. d4 c5 10. Bg5 Rc8 11. dxc5 Bxc5 12. Qd1 Qb6 13. Bxf6 Nxf6 14. Ne5 Bxg2 15. Kxg2 0-0 16. Nd3 Qb7+ 17. Kg1 Bd4 18. Nd2 Rcd8 19. Qb3 Rd6 20. Nf3 Ba7 21. a4 Rfd8 22. Nfe5 Ne4 23. Rad1 h5 24. Nc4 Rd5 25. Nd2 Nxd2 26. Rxd2 h4 27. Qb4 Rd4 28. Qc3 h3 0-1

[Event "Bayern-chI Bank Hofmann 18th"]
[Site "Bad Wiessee"]
[Date "2014.10.28"]
[Round "5"]
[White "Fehmer, Carsten"]
[Black "Kern, Guido"]
[Result "1/2-1/2"]
[WhiteElo "2117"]
[BlackElo "2340"]
[PlyCount "78"]
[EventDate "2014.10.25"]
[EventType "swiss"]
[EventRounds "9"]
[EventCountry "GER"]
[SourceTitle "EXT 2015"]
[Source "ChessBase"]
[SourceDate "2014.11.20"]
[SourceVersion "1"]
[SourceVersionDate "2014.11.20"]
[SourceQuality "1"]

1. Nf3 Nf6 2. g3 d5 3. Bg2 Nbd7 4. c4 dxc4 5. Qa4 a6 6. Qxc4 e6 7. 0-0 b5 8. Qc2 Bb7 9. d4 c5 10. Bg5 Rc8 11. Qd1 h6 12. Bxf6 Nxf6 13. dxc5 Qxd1 14. Rxd1 Bxc5 15. Ne5 Bxg2 16. Kxg2 Ke7 17. a4 b4 18. Nd2 Bd4 19. Nd3 Rhd8 20. Nb3 Ne4 21. Rac1 Bf6 22. Nxb4 Rxc1 23. Rxc1 Ke8 24. Nxa6 Bxb2 25. Rc2 Be5 26. Nc7+ Bxc7 27. Rxc7 Rb8 28. Nc5 Nxc5 29. Rxc5 Rb4 30. Ra5 Ke7 31. Ra7+ Kf6 32. a5 Rb3 33. a6 Ra3 34. h4 g5 35. hxg5+ hxg5 36. g4 Kg6 37. e3 Ra2 38. Kf3 Ra1 39. Ra8 Kg7 1/2-1/2

[Event "Oberhausen op"]
[Site "Oberhausen"]
[Date "2013.04.01"]
[Round "7"]
[White "Steinle, Carsten"]
[Black "Fehmer, Carsten"]
[Result "1-0"]
[WhiteElo "2208"]
[BlackElo "2116"]
[PlyCount "59"]
[EventDate "2013.03.28"]
[EventType "swiss"]
[EventRounds "7"]
[EventCountry "GER"]
[SourceTitle "CBM 153 Extra"]
[Source "ChessBase"]
[SourceDate "2013.04.22"]
[SourceVersion "1"]
[SourceVersionDate "2013.04.22"]
[SourceQuality "1"]

1. d4 e6 2. Nf3 f5 3. Nc3 d5 4. Bf4 c6 5. e3 Nf6 6. Bd3 Be7 7. 0-0 0-0 8. Ne5 Nbd7 9. Ne2 Qe8 10. c4 Nh5 11. Nxd7 Bxd7 12. Be5 Bf6 13. f4 Bxe5 14. fxe5 g5 15. Qc2 Rf7 16. Rf2 Qe7 17. Raf1 Raf8 18. cxd5 cxd5 19. g4 Ng7 20. Ng3 fxg4 21. Bxh7+ Kh8 22. Bg6 Rf3 23. Qe2 Rxf2 24. Rxf2 Rxf2 25. Qxf2 Be8 26. Bc2 Kg8 27. a3 Qc7 28. Qd2 Qb6 29. b4 Qa6 30. Qc3 1-0

[Event "Augsburg Afro op-A 18th"]
[Site "Augsburg"]
[Date "2011.08.07"]
[Round "7"]
[White "Fehmer, Carsten"]
[Black "Weber, Daniel"]
[Result "0-1"]
[WhiteElo "2129"]
[BlackElo "1713"]
[PlyCount "68"]
[EventDate "2011.08.04"]
[EventType "swiss"]
[EventRounds "7"]
[EventCountry "GER"]
[SourceTitle "EXT 2015"]
[Source "ChessBase"]
[SourceDate "2014.11.20"]
[SourceVersion "1"]
[SourceVersionDate "2014.11.20"]
[SourceQuality "1"]

1. Nf3 d5 2. g3 Nf6 3. Bg2 Nc6 4. d4 Bf5 5. 0-0 Qd7 6. c4 e6 7. Nc3 Bb4 8. Ne5 Nxe5 9. dxe5 Bxc3 10. bxc3 Ne4 11. Qb3 Qc6 12. cxd5 exd5 13. Ba3 h5 14. c4 dxc4 15. Qe3 Qh6 16. Qxh6 Rxh6 17. f3 Nc3 18. e4 Bd7 19. Bb4 Na4 20. Rfd1 a5 21. Ba3 b5 22. Rd4 b4 23. Rad1 Bb5 24. Bc1 c3 25. Bg5 f6 26. Bxh6 gxh6 27. exf6 Nb2 28. Rc1 Nd3 29. Bf1 Nxc1 30. Bxb5+ Kf8 31. Rc4 Nxa2 32. Ba4 Rb8 33. Bb3 Nc1 34. Ba4 b3 0-1

[Event "Augsburg Afro op-A 18th"]
[Site "Augsburg"]
[Date "2011.08.06"]
[Round "5"]
[White "Fehmer, Carsten"]
[Black "Gebhardt, Uwe"]
[Result "1/2-1/2"]
[WhiteElo "2129"]
[BlackElo "2015"]
[PlyCount "54"]
[EventDate "2011.08.04"]
[EventType "swiss"]
[EventRounds "7"]
[EventCountry "GER"]
[SourceTitle "EXT 2015"]
[Source "ChessBase"]
[SourceDate "2014.11.20"]
[SourceVersion "1"]
[SourceVersionDate "2014.11.20"]
[SourceQuality "1"]

1. Nf3 g6 2. g3 Bg7 3. d4 d6 4. Bg2 Nc6 5. e4 e5 6. dxe5 dxe5 7. Qxd8+ Nxd8 8. 0-0 Be6 9. Na3 a6 10. c3 Ne7 11. Ng5 0-0 12. Nxe6 Nxe6 13. Be3 Rfd8 14. Rfd1 Bf6 15. Nc4 Nc6 16. Bh3 b5 17. Bxe6 fxe6 18. Nd2 Kf7 19. Nb3 Be7 20. Kf1 Rxd1+ 21. Rxd1 Rd8 22. Rxd8 Nxd8 23. Na5 Ke8 24. Ke2 Kd7 25. Kd3 Nf7 26. Nb3 Kc6 27. Na5+ Kd7 1/2-1/2

[Event "NRW Class1 0910"]
[Site "Germany"]
[Date "2010.03.21"]
[Round "8.4"]
[White "Wilde, Pierre"]
[Black "Fehmer, Carsten"]
[Result "1/2-1/2"]
[WhiteElo "2218"]
[BlackElo "2124"]
[PlyCount "35"]
[EventDate "2009.09.20"]
[EventType "team-tourn"]
[EventRounds "9"]
[EventCountry "GER"]
[SourceTitle "EXT 2011"]
[Source "ChessBase"]
[SourceDate "2010.11.26"]
[SourceVersion "1"]
[SourceVersionDate "2010.11.26"]
[SourceQuality "1"]
[WhiteTeam "Neuenkirchen"]
[BlackTeam "Krefeld Turm"]
[WhiteTeamCountry "GER"]
[BlackTeamCountry "GER"]

1. c4 c5 2. g3 g6 3. Bg2 Bg7 4. Nc3 Nc6 5. a3 d6 6. Rb1 a5 7. d3 e5 8. Nf3 Nge7 9. 0-0 0-0 10. Bg5 f6 11. Be3 Be6 12. Ne1 Qd7 13. Nd5 Bxd5 14. cxd5 Nd4 15. b4 axb4 16. axb4 b6 17. Bd2 Qa4 18. e3 1/2-1/2

[Event "NRW Class1 0910"]
[Site "Germany"]
[Date "2010.01.31"]
[Round "6.4"]
[White "Loseries, Uwe"]
[Black "Fehmer, Carsten"]
[Result "1-0"]
[WhiteElo "2075"]
[BlackElo "2124"]
[PlyCount "65"]
[EventDate "2009.09.20"]
[EventType "team-tourn"]
[EventRounds "9"]
[EventCountry "GER"]
[SourceTitle "EXT 2011"]
[Source "ChessBase"]
[SourceDate "2010.11.26"]
[SourceVersion "1"]
[SourceVersionDate "2010.11.26"]
[SourceQuality "1"]
[WhiteTeam "Koeln Lasker"]
[BlackTeam "Krefeld Turm"]
[WhiteTeamCountry "GER"]
[BlackTeamCountry "GER"]

1. d4 d5 2. c4 e6 3. Nf3 Nf6 4. Bg5 Be7 5. e3 0-0 6. Nc3 h6 7. Bh4 Ne4 8. Bxe7 Qxe7 9. Rc1 c6 10. Bd3 Nxc3 11. Rxc3 dxc4 12. Bxc4 Nd7 13. 0-0 b6 14. Qe2 Bb7 15. Rfc1 c5 16. Ba6 Bxa6 17. Qxa6 e5 18. Qa3 e4 19. Nd2 Rfe8 20. Nb3 cxd4 21. Qxe7 Rxe7 22. Nxd4 Nc5 23. b4 Nd3 24. Rc8+ Kh7 25. Rxa8 Nxc1 26. a3 Rc7 27. g4 Nd3 28. Kg2 Ne5 29. h3 Kg6 30. Kg3 h5 31. gxh5+ Kxh5 32. Kf4 Nd3+ 33. Kf5 1-0

[Event "NRW Class1 0910"]
[Site "Germany"]
[Date "2009.10.25"]
[Round "2.4"]
[White "Noetzel, Frank"]
[Black "Fehmer, Carsten"]
[Result "1/2-1/2"]
[WhiteElo "2274"]
[BlackElo "2124"]
[PlyCount "29"]
[EventDate "2009.09.20"]
[EventType "team-tourn"]
[EventRounds "9"]
[EventCountry "GER"]
[SourceTitle "EXT 2011"]
[Source "ChessBase"]
[SourceDate "2010.11.26"]
[SourceVersion "1"]
[SourceVersionDate "2010.11.26"]
[SourceQuality "1"]
[WhiteTeam "Elberfeld"]
[BlackTeam "Krefeld Turm"]
[WhiteTeamCountry "GER"]
[BlackTeamCountry "GER"]

1. e4 c5 2. Nc3 g6 3. d4 cxd4 4. Qxd4 Nf6 5. Bb5 Nc6 6. Bxc6 dxc6 7. Qxd8+ Kxd8 8. Bf4 Nh5 9. 0-0-0+ Bd7 10. Be3 e5 11. Nge2 Kc7 12. f3 Be7 13. h4 Ng7 14. Kb1 b6 15. Nc1 1/2-1/2

[Event "NRW Class2 0809"]
[Site "Germany"]
[Date "2009.01.04"]
[Round "5.3"]
[White "Michielsen, Joost"]
[Black "Fehmer, Carsten"]
[Result "1-0"]
[WhiteElo "2316"]
[BlackElo "2133"]
[PlyCount "53"]
[EventDate "2008.09.21"]
[EventType "tourn"]
[EventRounds "9"]
[EventCountry "GER"]
[SourceTitle "EXT 2010"]
[Source "ChessBase"]
[SourceDate "2010.11.25"]
[SourceVersion "1"]
[SourceVersionDate "2010.11.25"]
[SourceQuality "1"]
[WhiteTeam "Castrop Rauxel"]
[BlackTeam "Krefeld"]
[WhiteTeamCountry "GER"]
[BlackTeamCountry "GER"]

1. e4 d6 2. d4 Nf6 3. Nc3 e5 4. Nge2 Be7 5. h3 c6 6. a4 a5 7. g4 0-0 8. Bg2 Nbd7 9. 0-0 Re8 10. Be3 exd4 11. Bxd4 Nc5 12. Ng3 Bf8 13. g5 Nfd7 14. Qd2 Ne5 15. f4 Ng6 16. Rad1 Qc7 17. Kh2 Nh4 18. Bh1 b6 19. f5 d5 20. Qf4 Bd6 21. e5 Nxf5 22. exd6 Nxd6 23. Be5 Qd7 24. Bxd6 Qxh3+ 25. Kg1 Bg4 26. Bg2 Qh4 27. Rd4 1-0

[Event "NRW Class2 0809"]
[Site "Germany"]
[Date "2008.11.30"]
[Round "4.5"]
[White "Fehmer, Carsten"]
[Black "Kuester, Thomas"]
[Result "1/2-1/2"]
[WhiteElo "2133"]
[BlackElo "2153"]
[PlyCount "54"]
[EventDate "2008.09.21"]
[EventType "tourn"]
[EventRounds "9"]
[EventCountry "GER"]
[SourceTitle "EXT 2010"]
[Source "ChessBase"]
[SourceDate "2010.11.25"]
[SourceVersion "1"]
[SourceVersionDate "2010.11.25"]
[SourceQuality "1"]
[WhiteTeam "Krefeld"]
[BlackTeam "Heiden"]
[WhiteTeamCountry "GER"]
[BlackTeamCountry "GER"]

1. Nf3 e6 2. g3 f5 3. Bg2 Nf6 4. c4 d5 5. 0-0 c6 6. d3 Nbd7 7. Nc3 Nb6 8. cxd5 exd5 9. e4 dxe4 10. dxe4 Qxd1 11. Rxd1 fxe4 12. Ng5 Bg4 13. Re1 Bb4 14. a3 Bxc3 15. bxc3 0-0 16. Nxe4 Nxe4 17. Rxe4 Bf5 18. Re7 Rae8 19. Rxe8 Rxe8 20. Be3 Na4 21. Bxa7 Nxc3 22. Bf3 Bh3 23. Be3 Ra8 24. Bd4 Nb5 25. Bb2 Rd8 26. Rd1 Rxd1+ 27. Bxd1 Be6 1/2-1/2

[Event "NRW Class1 0708"]
[Site "Germany"]
[Date "2008.04.27"]
[Round "9.4"]
[White "Fehmer, Carsten"]
[Black "Haves, Reinhard"]
[Result "1/2-1/2"]
[WhiteElo "2086"]
[BlackElo "2199"]
[PlyCount "41"]
[EventDate "2007.09.16"]
[EventType "team-tourn"]
[EventRounds "9"]
[EventCountry "GER"]
[SourceTitle "EXT 2009"]
[Source "ChessBase"]
[SourceDate "2008.11.26"]
[SourceVersion "1"]
[SourceVersionDate "2008.11.26"]
[SourceQuality "1"]
[WhiteTeam "Krefeld"]
[BlackTeam "Neuenkirchen"]
[WhiteTeamCountry "GER"]
[BlackTeamCountry "GER"]

1. Nf3 g6 2. d4 Bg7 3. e4 d6 4. Nc3 Bg4 5. Be3 Nf6 6. h3 Bxf3 7. Qxf3 Nc6 8. Bb5 Nd7 9. Rd1 e5 10. Bxc6 bxc6 11. 0-0 0-0 12. Qe2 Qb8 13. b3 Qb4 14. Qd2 Rfe8 15. d5 c5 16. a3 Qa5 17. Na4 Qxd2 18. Rxd2 h5 19. c4 Reb8 20. Rb1 Nb6 21. Rdb2 1/2-1/2

[Event "NRW Class1 0708"]
[Site "Germany"]
[Date "2008.04.06"]
[Round "8.5"]
[White "Fehmer, Carsten"]
[Black "Wicht, Juergen"]
[Result "1/2-1/2"]
[WhiteElo "2086"]
[BlackElo "2155"]
[PlyCount "26"]
[EventDate "2007.09.16"]
[EventType "team-tourn"]
[EventRounds "9"]
[EventCountry "GER"]
[SourceTitle "EXT 2009"]
[Source "ChessBase"]
[SourceDate "2008.11.26"]
[SourceVersion "1"]
[SourceVersionDate "2008.11.26"]
[SourceQuality "1"]
[WhiteTeam "Krefeld"]
[BlackTeam "Elberfeld"]
[WhiteTeamCountry "GER"]
[BlackTeamCountry "GER"]

1. Nf3 Nf6 2. g3 g6 3. b3 b6 4. Bg2 Bb7 5. Bb2 Bg7 6. c4 c5 7. 0-0 0-0 8. Nc3 Ne4 9. Qc2 Nxc3 10. Bxc3 Bxc3 11. Qxc3 d6 12. d4 cxd4 13. Nxd4 Bxg2 1/2-1/2

[Event "Dresden ZMD op"]
[Site "Dresden"]
[Date "2007.07.22"]
[Round "2"]
[White "Fehmer, Carsten"]
[Black "Kempinski, Robert"]
[Result "1/2-1/2"]
[WhiteElo "2086"]
[BlackElo "2587"]
[PlyCount "90"]
[EventDate "2007.07.21"]
[EventType "swiss"]
[EventRounds "9"]
[EventCountry "GER"]
[SourceTitle "EXT 2008"]
[Source "ChessBase"]
[SourceDate "2007.11.25"]
[SourceVersion "1"]
[SourceVersionDate "2007.11.25"]
[SourceQuality "1"]

1. Nf3 Nf6 2. g3 d5 3. Bg2 g6 4. b3 c5 5. Bb2 Bg7 6. 0-0 0-0 7. c4 d4 8. d3 Nc6 9. Na3 e5 10. e4 a6 11. Bc1 Ne8 12. Ne1 Nd6 13. Bd2 b5 14. f4 Qb6 15. Nf3 Ra7 16. fxe5 Nxe5 17. Nxe5 Bxe5 18. Bf4 Re7 19. Qd2 f6 20. Rf2 Nf7 21. h4 h6 22. Bxh6 Nxh6 23. Qxh6 Bxg3 24. Rf3 Be5 25. Qxg6+ Rg7 26. Qh6 Rh7 27. Qd2 Rxh4 28. Kf2 Bg4 29. Rh1 Rxh1 30. Bxh1 Bxf3 31. Qh6 Rf7 32. Qg6+ Kf8 33. Bxf3 Qa5 34. Qh6+ Ke7 35. Bh5 Qxa3 36. Qg6 Qxa2+ 37. Kf3 Qxb3 38. Qxf7+ Kd6 39. Qd5+ Kc7 40. Qxc5+ Kb7 41. Qd5+ Kb8 42. Qg8+ Kb7 43. Qd5+ Kb8 44. Qg8+ Ka7 45. Qf7+ Kb8 1/2-1/2

[Event "NRW Class1 0607"]
[Site "Germany"]
[Date "2007.05.06"]
[Round "9.2"]
[White "Fehmer, Carsten"]
[Black "Meertens, Martin"]
[Result "0-1"]
[WhiteElo "2138"]
[BlackElo "2216"]
[PlyCount "44"]
[EventDate "2006.09.17"]
[EventType "tourn"]
[EventRounds "9"]
[EventCountry "GER"]
[SourceTitle "EXT 2008"]
[Source "ChessBase"]
[SourceDate "2007.11.25"]
[SourceVersion "1"]
[SourceVersionDate "2007.11.25"]
[SourceQuality "1"]
[WhiteTeam "Krefeld"]
[BlackTeam "Koeln SF II"]
[WhiteTeamCountry "GER"]
[BlackTeamCountry "GER"]

1. d4 d5 2. c4 c6 3. cxd5 cxd5 4. Nf3 Nf6 5. Nc3 g6 6. g3 Bg7 7. Bg2 0-0 8. 0-0 Ne4 9. Nxe4 dxe4 10. Ng5 Qxd4 11. Nxe4 Nc6 12. Nc3 Qg4 13. Bf3 Qh3 14. Bg2 Qh5 15. Nd5 Rd8 16. Nxe7+ Kh8 17. Nd5 Bg4 18. Qa4 Rxd5 19. Bxd5 Nd4 20. Bf3 Nxf3+ 21. exf3 Bxf3 22. Re1 Qh3 0-1

[Event "NRW Class1 0607"]
[Site "Germany"]
[Date "2007.03.18"]
[Round "7.2"]
[White "Fehmer, Carsten"]
[Black "Becker, Marcel"]
[Result "0-1"]
[WhiteElo "2138"]
[BlackElo "2344"]
[PlyCount "76"]
[EventDate "2006.09.17"]
[EventType "tourn"]
[EventRounds "9"]
[EventCountry "GER"]
[SourceTitle "EXT 2008"]
[Source "ChessBase"]
[SourceDate "2007.11.25"]
[SourceVersion "1"]
[SourceVersionDate "2007.11.25"]
[SourceQuality "1"]
[WhiteTeam "Krefeld"]
[BlackTeam "Muelheim Nord II"]
[WhiteTeamCountry "GER"]
[BlackTeamCountry "GER"]

1. d4 d5 2. Nf3 Nf6 3. e3 c6 4. Bd3 Bg4 5. h3 Bxf3 6. Qxf3 Nbd7 7. 0-0 e5 8. dxe5 Nxe5 9. Qe2 Bd6 10. b3 0-0 11. Bb2 Ne4 12. Bxe4 dxe4 13. Nd2 Qh4 14. Rad1 Rad8 15. Nc4 Nxc4 16. Qxc4 Rfe8 17. Bd4 Qh5 18. Rde1 Re6 19. Qe2 Qh4 20. Rd1 Rg6 21. Kh1 Re8 22. f4 exf3 23. Qxf3 Qe7 24. g4 c5 25. Bb2 h5 26. g5 Qxe3 27. Qxf7+ Kh7 28. Qf3 Qxf3+ 29. Rxf3 Re2 30. Bf6 Re6 31. Bd8 h4 32. Rf7 Re2 33. Bf6 Be5 34. Rdd7 Re1+ 35. Kg2 Bxf6 36. Rxf6 Rxg5+ 37. Kf2 Rgg1 38. Rf4 Rgf1+ 0-1

[Event "NRW Class1 0607"]
[Site "Germany"]
[Date "2007.01.28"]
[Round "5.2"]
[White "Tomaszewski, Roman"]
[Black "Fehmer, Carsten"]
[Result "1-0"]
[WhiteElo "2331"]
[BlackElo "2138"]
[PlyCount "67"]
[EventDate "2006.09.17"]
[EventType "tourn"]
[EventRounds "9"]
[EventCountry "GER"]
[SourceTitle "EXT 2008"]
[Source "ChessBase"]
[SourceDate "2007.11.25"]
[SourceVersion "1"]
[SourceVersionDate "2007.11.25"]
[SourceQuality "1"]
[WhiteTeam "Sodingen"]
[BlackTeam "Krefeld"]
[WhiteTeamCountry "GER"]
[BlackTeamCountry "GER"]

1. d4 d6 2. Nf3 f5 3. Bf4 Nf6 4. e3 g6 5. Bc4 Bg7 6. Nbd2 e6 7. c3 Qe7 8. 0-0 0-0 9. Re1 Kh8 10. Qc1 Ne4 11. Nxe4 fxe4 12. Nd2 d5 13. Bb3 c6 14. f3 exf3 15. Nxf3 Nd7 16. e4 dxe4 17. Rxe4 Nf6 18. Re1 Nh5 19. Be5 Bd7 20. Qe3 Rae8 21. Rad1 Bxe5 22. Nxe5 Bc8 23. Rd2 Kg7 24. Nd3 Qd6 25. g3 b6 26. Qe5+ Qxe5 27. Nxe5 c5 28. dxc5 bxc5 29. Rd6 Rd8 30. Rc6 Rd2 31. Rc7+ Kh6 32. Nf7+ Kg7 33. Rf1 Ba6 34. Ne5+ 1-0

[Event "Dresden ZMD op"]
[Site "Dresden"]
[Date "2006.08.08"]
[Round "4"]
[White "Bracker, Arne"]
[Black "Fehmer, Carsten"]
[Result "1/2-1/2"]
[WhiteElo "2042"]
[BlackElo "2138"]
[PlyCount "49"]
[EventDate "2006.08.05"]
[EventType "swiss"]
[EventRounds "9"]
[EventCountry "GER"]
[SourceTitle "CBM 113 Extra"]
[Source "ChessBase"]
[SourceDate "2006.09.14"]
[SourceVersion "1"]
[SourceVersionDate "2006.09.14"]
[SourceQuality "1"]

1. e4 d6 2. d4 Nf6 3. Nc3 e5 4. dxe5 dxe5 5. Qxd8+ Kxd8 6. Bg5 Be6 7. 0-0-0+ Nbd7 8. f4 exf4 9. Nf3 Kc8 10. Bxf4 Nh5 11. Bd2 h6 12. Nd4 Bg4 13. Nde2 Bd6 14. h3 Be6 15. Nb5 Be5 16. g4 Nhf6 17. Bg2 Bc4 18. Nbc3 c6 19. Nf4 Nc5 20. Rhe1 Kc7 21. b3 Ba6 22. b4 Ne6 23. Nxe6+ fxe6 24. a4 Bc4 25. Bf1 1/2-1/2

[Event "Dresden ZMD op"]
[Site "Dresden"]
[Date "2006.08.07"]
[Round "3"]
[White "Fehmer, Carsten"]
[Black "Postny, Evgeny"]
[Result "0-1"]
[WhiteElo "2138"]
[BlackElo "2591"]
[PlyCount "56"]
[EventDate "2006.08.05"]
[EventType "swiss"]
[EventRounds "9"]
[EventCountry "GER"]
[SourceTitle "CBM 113 Extra"]
[Source "ChessBase"]
[SourceDate "2006.09.14"]
[SourceVersion "1"]
[SourceVersionDate "2006.09.14"]
[SourceQuality "1"]

1. d4 Nf6 2. Nf3 c5 3. d5 b5 4. c4 bxc4 5. Nc3 d6 6. e4 g6 7. Bxc4 Bg7 8. 0-0 0-0 9. h3 Nfd7 10. Bg5 Ba6 11. Bxa6 Nxa6 12. Qe2 Nc7 13. Rac1 Rb8 14. b3 Re8 15. Na4 Nb5 16. Rfd1 Ne5 17. Nxe5 Bxe5 18. Be3 Qd7 19. Qd3 Bg7 20. Rd2 Rf8 21. Nb2 f5 22. f3 Nd4 23. Rf1 a5 24. Na4 fxe4 25. fxe4 Rxf1+ 26. Qxf1 e6 27. Qc4 Rb4 28. dxe6 Qxa4 0-1

[Event "Duisburg Grossenbaum op"]
[Site "Duisburg"]
[Date "2006.06.03"]
[Round "3"]
[White "Fehmer, Carsten"]
[Black "Fokken, Achim"]
[Result "1-0"]
[WhiteElo "2127"]
[BlackElo "1852"]
[PlyCount "39"]
[EventDate "2006.06.02"]
[EventType "swiss"]
[EventRounds "7"]
[EventCountry "GER"]
[SourceTitle "EXT 2007"]
[Source "ChessBase"]
[SourceDate "2006.11.23"]
[SourceVersion "1"]
[SourceVersionDate "2006.11.23"]
[SourceQuality "1"]

1. d4 Nf6 2. Nf3 g6 3. g3 Bg7 4. Bg2 d5 5. 0-0 0-0 6. c4 c6 7. cxd5 cxd5 8. Nc3 Nc6 9. Ne5 e6 10. Nxc6 bxc6 11. Bf4 Nh5 12. Na4 Nxf4 13. gxf4 f6 14. Rc1 Qd6 15. e3 e5 16. dxe5 fxe5 17. Rxc6 Qe7 18. Qxd5+ Kh8 19. Qc5 Qe8 20. Rc7 1-0

[Event "Oberhausen op 11th"]
[Site "Oberhausen"]
[Date "2006.04.16"]
[Round "6"]
[White "Heimsoth, Sven Holger"]
[Black "Fehmer, Carsten"]
[Result "1/2-1/2"]
[WhiteElo "2215"]
[BlackElo "2127"]
[PlyCount "109"]
[EventDate "2006.04.13"]
[EventType "swiss"]
[EventRounds "7"]
[EventCountry "GER"]
[SourceTitle "CBM 111 Extra"]
[Source "ChessBase"]
[SourceDate "2006.05.09"]
[SourceVersion "1"]
[SourceVersionDate "2006.05.09"]
[SourceQuality "1"]

1. d4 d6 2. e4 Nf6 3. Nc3 e5 4. Nf3 Nbd7 5. g3 Be7 6. Bg2 0-0 7. 0-0 c6 8. h3 Qc7 9. Qe2 b6 10. d5 Nc5 11. Re1 a6 12. Bg5 Bb7 13. Rad1 cxd5 14. exd5 h6 15. Bxf6 Bxf6 16. g4 Rac8 17. Nd2 Bg5 18. Nde4 Bf4 19. Nxc5 Qxc5 20. Ne4 Qc7 21. c4 g6 22. b3 Kh8 23. f3 f5 24. Nf2 Bg3 25. Qd2 Kg7 26. Re2 Qc5 27. Qe3 Bxf2+ 28. Qxf2 b5 29. Rc2 f4 30. Bf1 b4 31. Bd3 Kf6 32. h4 Qxf2+ 33. Kxf2 Rc5 34. g5+ hxg5 35. hxg5+ Kf7 36. Rh1 Rg8 37. Rh6 Rcc8 38. Ke1 Rg7 39. Rch2 Rcg8 40. Kd2 a5 41. Rh1 Ra8 42. Rh7 Rag8 43. R1h6 Rxh7 44. Rxh7+ Rg7 45. Rh8 Rg8 46. Rxg8 Kxg8 47. Bxg6 Bc8 48. Be4 Kg7 49. Kd3 Bd7 50. Ke2 Kf7 51. Kf2 Kg7 52. Bd3 Kf7 53. Ke2 Kg7 54. c5 dxc5 55. d6 1/2-1/2